000 00553nam a2200157 a 4500
001 000035107
005 20200930074117.0
008 111025s1908 sp 000 0 spa d
040 _aDO-SdBNP
_bspa
_cBNPHU
082 _axxxx
_bV335c
100 1 _aVásquez del Río, Juan
_960779
245 1 3 _aEl chubasco :
_bentremés en prosa /
_cJuan Vásquez del Río.
260 _aMadrid :
_bR. Velasco imp., Marqués de Santa Ana,
_c1908.
300 _a16 p. ;
_c20 cm.
500 _aEstrenado con éxito en el Salón Regio de Madrid, la noche del 21 de mayo de 1908.
999 _c34598
_d34598